00371nam a2200109Ia 4500008004100000082001300041100002000054245007100074942000600145952009500151999001500246240331s9999 xx 000 0 und d a301bAMA aAmarasingha ,A  0aSamaja viddyawa pilibada shabda koshaya :bdictionary of sociology cL 001040708LaWERCLbWERCLcSSCd2024-03-31l0o 301 AMAp4448r2024-03-31w2024-03-31yL c1004d1004